000 00934nas a2200313 4500
001 BR0905126
003 BR-BrBNA
005 20231205113609.0
007 ta
008 230509b bl.|||p| |||| 00| 00por d
040 _aBR-BrBNA
_bpor
_cBiblioteca Nacional de Agricultura
041 _a(Pt)
072 _aL51
100 1 _aLisboa, C.A.V.
100 1 _aMedeiros, R.B. de
100 1 _aAzevedo, E.B. de
100 1 _aPatino, H.O.
100 1 _aCarlotto, S.B.
100 1 _aGarcia, R.P.A.
245 1 _aPoder germinativo de sementes de capim-annoni-2 (Eragrostis plana Ness)recuperadas em fezes de bovinos
650 _aCAPIM-ANNONI
650 _aBOVINO
650 _aSEMENTE
650 _aDIGESTIBILIDADE
650 _aFEZES
773 0 _tRevista Brasileira de Zootecnia (Brazil)
_xISSN 1516-3598
_g(Mar 2009), v. 38(3) p. 405-410
_wBR0905126
909 _a202311
_bLúcia
_c55
_dLúcia Elande
942 _2AGRIS
_n0
_cANA
999 _c204636
_d204636